Juvenilia /

Guardado en:
Autor Principal: Cané, Miguel
Formato: Libro
Publicado: Buenos Aires : Kapelusz, 1966
Edición:9a. ed.
Series:Grandes Obras de la Lit. Univ.1
Etiquetas: Agregar Etiqueta
Sin Etiquetas, Sea el primero en etiquetar este registro!
LEADER 01161nam a22002775a 4500
001 CEM.cems001395
005 20060214000000.0
008 130507s1966##################000#0#####d
003 CEMS
082 0 4 |a A863.2 
100 1 |a Cané, Miguel 
245 1 0 |a Juvenilia /  |c Miguel Cané 
250 |a 9a. ed. 
260 |a Buenos Aires :  |b Kapelusz,  |c 1966 
300 |a 191 p. 
490 0 |a Grandes Obras de la Lit. Univ.1 
859 |a CEMS  |b BIB. CEMS - 11 de abril  |h A863.2  |i C162a9  |p 3912.75  |t Ej.10 
859 |a CEMS  |b BIB. CEMS - 11 de abril  |h A863.2  |i C162a9  |p 3913.75  |t Ej.1 
859 |a CEMS  |b BIB. CEMS - 11 de abril  |h A863.2  |i C162a9  |p 3914.75  |t Ej.2 
859 |a CEMS  |b BIB. CEMS - 11 de abril  |h A863.2  |i C162a9  |p 3915.75  |t Ej.3 
859 |a CEMS  |b BIB. CEMS - 11 de abril  |h A863.2  |i C162a9  |p 3916.75  |t Ej.4 
859 |a CEMS  |b BIB. CEMS - 11 de abril  |h A863.2  |i C162a9  |p 3917.75  |t Ej.5 
859 |a CEMS  |b BIB. CEMS - 11 de abril  |h A863.2  |i C162a9  |p 3918.75  |t Ej.6 
859 |a CEMS  |b BIB. CEMS - 11 de abril  |h A863.2  |i C162a9  |p 3919.75  |t Ej.7 
859 |a CEMS  |b BIB. CEMS - 11 de abril  |h A863.2  |i C162a9  |p 3920.75  |t Ej.8 
859 |a CEMS  |b BIB. CEMS - 11 de abril  |h A863.2  |i C162a9  |p 3921.75  |t Ej.9